Vista normal
Vista MARC
Entrada Nombre personal
Número de registros utilizados en: 1
001 - NÚMERO DE CONTROL
- Campo de control: 45771
003 - IDENTIFICADOR DE NÚMERO DE CONTROL
- Campo de control: OSt
005 - FECHA Y HORA DE LA ULTIMA MODIFICACION
- Campo de control: 20210914165127.0
008 - ELEMENTOS DE DATOS DE LONGITUD FIJA
- Campo de longitud fija: 210914|| aca||aabn | a|a d
040 ## - FUENTE DE LA CATALOGACIÓN
- Agencia original de catalogación: OSt
100 1# - ENCABEZAMIENTO--NOMBRE DE PERSONA
- Nombre personal: López Salazar, Sofía Guadalupe
670 ## - FUENTE DE DATOS ENCONTRADOS
- Fuente de citación: Investigación, La gastronomía como atractivo turístico primario en los departamentos de la zona occidental.
670 ## - FUENTE DE DATOS ENCONTRADOS
- Fuente de citación: BMC.- 14-09-2021